000 00306nam a2200133Ia 4500
005 20251222155206.0
008 251222s9999||||xx |||||||||||||| ||spa||
082 _aLEN.68
100 _aMARIA ARGUEDAS,José.
245 0 _aTodas las sangres
250 _a1ra. ed.
264 _bEl comercio
942 _cLIB
999 _c40115
_d40115